000 00468cam a2200169ua 4500
003 OSt
008 240223b |||||||| |||| 00| 0 eng d
041 _aeng
082 _a631.4
_bPEV/SO
100 _aPeverill, K.I .
_96116
245 0 0 _aSoil analysis an interpretation manual /
260 _aNew Delhi :
_bSBS Publishers & Distributors Pvt. Ltd ,
_c2008.
300 _a370 ; .
700 1 _aReuter, D.J .
_96117
700 1 _aSparrow, L.A .
_96118
942 _cBK
999 _c13418
_d13418